| 000 | 00454nam a2200181Ia 4500 | ||
|---|---|---|---|
| 001 | 13146 | ||
| 005 | 20260306163032.0 | ||
| 008 | 260306t2004||||xx |||||||||||||| ||spa|| | ||
| 041 | _aESP | ||
| 082 |
_a194 _bM26 T. 2 |
||
| 100 |
_aMarcel, Gabriel _eAUT |
||
| 245 | 0 |
_aObras selectas II: _bde la negación a la invocación |
|
| 260 | _c2004 | ||
| 300 |
_axxii, 564 páginas : _c20 cm. |
||
| 650 | _aGEN | ||
| 654 | _aCHU | ||
| 942 |
_cLIB _dJUS _fJUS _2ddc _n |
||
| 999 |
_c13146 _d13146 |
||